000 01095nam0a22002771 4500
001 rc\3377132
005 20260405061158.0
021 _aRU
_b[73-2833]
035 _a(NLR Aleph) 007532448
090 _a7759175
_c7759175
100 _a20130115d1972 |||y0rusy50 ca
101 0 _arus
102 _aRU
105 _aa z |||||
200 1 _aНижне-Джулатский могильник
_fКабард.-Балкар. науч.-исслед. ин-т при Совете Министров КБАССР
210 _aНальчик
_cЭльбрус
_d1972
215 _a76 с.
_cил.
_d26
606 _aМогильники и курганы
_yКабардино-Балкария
_2psbo
606 _aАрхеологические памятники
_yКабардино-Балкария
_2psbo
700 1 _8rus
_7ca
_aАбрамова
_bМ.П.
_cд-р ист. наук, археология
_f1931-2003
_gМая Павловна
_3RU\NLR\AUTH\7720266
_93334
801 0 _aRU
_bNLR
_gpsbo
801 1 _aRU
_bELAR
_2rusmarc
852 _aNLR
_j72-7/2424
942 _cBOOK
980 _aNB